000 00681cam a2200205 4500
001 X118455
008 020619n2002 000 0 eng u
035 _a(Sirsi) u118455
100 _aVere-Jones, E
245 _aTalking the talk
260 _c2002
490 _aLaw Society's Gazette
_v99(07) 14 February 2002, 20-21(2)
520 _aDiscusses that numbers of people opting for mediation has levelled out. Blames disappointing figures on resistance of judiciary to mediation.
650 _aMEDIATION
650 _aLITIGATION
650 _aALTERNATIVE DISPUTE RESOLUTION
650 _aALTERNATIVE DISPUTE RESOLUTION
690 _aDispute resolution
_96236
942 _n0
999 _c70510
_d70510